|
|
|
|
| LEADER |
02178nam a2200625 i 4500 |
| 001 |
nkc20162778791 |
| 003 |
CZ PrNK |
| 005 |
20220105161649.0 |
| 007 |
ta |
| 008 |
160218t20152015xr a e f 001 0 cze |
| 015 |
|
|
|a cnb002778791
|
| 020 |
|
|
|a 978-80-7370-423-0
|q (brožováno)
|
| 035 |
|
|
|a (OCoLC)949214989
|
| 040 |
|
|
|a OLA001
|b cze
|e rda
|
| 041 |
1 |
|
|a cze
|h eng
|
| 072 |
|
7 |
|a 613
|x Hygiena. Lidské zdraví
|2 Konspekt
|9 14
|
| 080 |
|
|
|a 615.8:615.279
|2 MRF
|
| 080 |
|
|
|a 615.874.2
|2 MRF
|
| 080 |
|
|
|a 615.874.24
|2 MRF
|
| 080 |
|
|
|a (035)
|2 MRF
|
| 080 |
|
|
|a (083.12)
|2 MRF
|
| 100 |
1 |
|
|a Wignall, Judita
|7 xx0183049
|4 aut
|
| 240 |
1 |
0 |
|a Raw and simple detox.
|l Česky
|
| 245 |
1 |
0 |
|a Raw detox :
|b lahodný restart těla pro zdraví, energii a zeštíhlení /
|c Judita Wignall ; z anglického originálu Raw and simple detox přeložila Lenka Marie Čapková
|
| 250 |
|
|
|a Vydání první
|
| 264 |
|
1 |
|a Praha :
|b Synergie,
|c [2015]
|
| 264 |
|
4 |
|c ©2015
|
| 300 |
|
|
|a 175 stran :
|b barevné ilustrace ;
|c 26 cm
|
| 336 |
|
|
|a text
|b txt
|2 rdacontent
|
| 336 |
|
|
|a statický obraz
|b sti
|2 rdacontent
|
| 337 |
|
|
|a bez média
|b n
|2 rdamedia
|
| 338 |
|
|
|a svazek
|b nc
|2 rdacarrier
|
| 490 |
1 |
|
|a Raw food
|
| 500 |
|
|
|a Fotografie Matt Wignall
|
| 500 |
|
|
|a Terminologický slovník
|
| 504 |
|
|
|a Obsahuje bibliografii a rejstřík
|
| 650 |
0 |
7 |
|a detoxikace organismu
|7 ph134741
|2 czenas
|
| 650 |
0 |
7 |
|a detoxikační diety
|7 ph134742
|2 czenas
|
| 650 |
0 |
7 |
|a syrová strava
|7 ph214640
|2 czenas
|
| 650 |
0 |
9 |
|a detoxification (health)
|2 eczenas
|
| 650 |
0 |
9 |
|a detox diet
|2 eczenas
|
| 650 |
0 |
9 |
|a raw food diet
|2 eczenas
|
| 655 |
|
7 |
|a příručky
|7 fd133209
|2 czenas
|
| 655 |
|
7 |
|a kuchařské recepty
|7 fd132687
|2 czenas
|
| 655 |
|
9 |
|a handbooks and manuals
|2 eczenas
|
| 655 |
|
9 |
|a cookbooks
|2 eczenas
|
| 700 |
1 |
|
|a Čapková, Lenka Marie
|7 hka2015873762
|4 trl
|
| 700 |
1 |
|
|a Wignall, Matt
|7 xx0183050
|4 pht
|
| 830 |
|
0 |
|a Raw food (Synergie)
|0 s
|
| 910 |
2 |
|
|a BOA001
|b 3-1362.339
|
| 928 |
9 |
|
|a Synergie Publishing SE
|
| 990 |
|
|
|a BK
|
| 995 |
|
|
|a 01
|
| 991 |
|
|
|b 201603
|c NOV
|
| 996 |
6 |
|
|b 2610661728
|c 3-1362.339
|l MZK
|r Sklad / do 1 hodiny
|n 10
|p p.v.
|w 001548306
|u 000010
|a 1
|e BOA001
|j MZK50
|s P
|